| 000 | 00921cam a2200217 4500 | ||
|---|---|---|---|
| 001 | ABS64376 | ||
| 008 | 010820n2001 000 0 eng u | ||
| 035 | _a(Sirsi) u114204 | ||
| 100 | _aWhitehouse, R | ||
| 245 | _aFinancial Services and Markets Act 2000 (1) | ||
| 260 | _c2001 | ||
| 490 |
_aSolicitors' Journal _v145(29) 27 July 2001, 688-689(2) |
||
| 520 | _aFirst of a four-part series examining the impact of the Financial Services and Markets Act 2000 (FSMA) which comes into force midnight 30 November 2001. First part studies the background and scope of the FSMA, providing information on changes involved and transitional arrangements. | ||
| 590 | _aABS | ||
| 650 | _aFINANCIAL SERVICES AND MARKETS ACT 2000 | ||
| 650 | _aFINANCIAL REGULATION | ||
| 650 | _aSELF REGULATORY ORGANISATIONS | ||
| 650 | _aFINANCIAL SERVICES | ||
| 690 | _aMANAGEMENT-BUSINESS MANAGEMENT-FINANCIAL MANAGEMENT | ||
| 942 | _n0 | ||
| 999 |
_c68037 _d68037 |
||